| 000 -LEADER |
| fixed length control field |
00700nam a22002417a 4500 |
| 001 - CONTROL NUMBER |
| control field |
6135 |
| 003 - CONTROL NUMBER IDENTIFIER |
| control field |
BD-DhUAP |
| 005 - DATE AND TIME OF LATEST TRANSACTION |
| control field |
20200129161321.0 |
| 008 - FIXED-LENGTH DATA ELEMENTS--GENERAL INFORMATION |
| fixed length control field |
200129s2001 ii a 001 0 eng d |
| 040 ## - CATALOGING SOURCE |
| Original cataloging agency |
MH-L |
| Transcribing agency |
MH-L |
| Modifying agency |
BD-DhUAP |
| Language of cataloging |
Eng |
| 082 00 - DEWEY DECIMAL CLASSIFICATION NUMBER |
| Classification number |
340 PIL |
| Edition number |
23 |
| 100 1# - MAIN ENTRY--PERSONAL NAME |
| Personal name |
Pillai, P. S. Atchuthen. |
| 245 10 - TITLE STATEMENT |
| Title |
Jurisprudence and legal theory / |
| Statement of responsibility, etc. |
P. S. Atchuthen Pillai. |
| 250 ## - EDITION STATEMENT |
| Edition statement |
New rev. 3rd ed. |
| 260 ## - PUBLICATION, DISTRIBUTION, ETC. |
| Place of publication, distribution, etc. |
Lucknow : |
| Name of publisher, distributor, etc. |
Eastern Book Co., |
| Date of publication, distribution, etc. |
c2001. |
| 300 ## - PHYSICAL DESCRIPTION |
| Extent |
xvi, 341 pages : |
| Other physical details |
illustrations ; |
| Dimensions |
21 cm. |
| 504 ## - BIBLIOGRAPHY, ETC. NOTE |
| Bibliography, etc. note |
Includes index. |
| 650 #0 - SUBJECT ADDED ENTRY--TOPICAL TERM |
| Topical term or geographic name entry element |
Jurisprudence. |
| 650 #0 - SUBJECT ADDED ENTRY--TOPICAL TERM |
| Topical term or geographic name entry element |
Law |
| General subdivision |
Philosophy. |
| 942 ## - ADDED ENTRY ELEMENTS (KOHA) |
| Source of classification or shelving scheme |
|
| Koha item type |
Book |